000 00758nam a2200241 i 4500
001 45911
003 ES-MaACL
005 20250912063038.0
007 t|
008 030327s1986 sp ||||1| spa d
020 _a84-01-35139-1
100 1 _aConde, Carmen,
_d1907-1996
_940088
245 1 0 _aPor el camino, viendo sus orillas /
_cCarmen Conde.
250 _a1ª ed.
260 _aEsplugas de Llobregat :
_bPlaza & Janés,
_c1986.
300 _a3 v. ;
_c22 cm.
490 1 _aBiografías y memorias (Plaza & Janés Editores)
_9175931
600 1 7 _aConde, Carmen,
_d1907-1996
_2embne
_940088
830 1 0 _aBiografías y memorias (Plaza & Janés Editores)
_9175931
852 _aES-MaACL
_jL-10503-05
942 _2udc
999 _c45911
_d45911